中国大陆每个纬度最大的五个城市 - Statistics

General Stats
  • This quiz has been taken 800 times
  • The average score is 85 of 158
Answer Stats
城市 纬度 人口(万人) % Correct
哈尔滨 46 550
89%
北京 40 1775
89%
漠河 53 3
87%
黑河 50 18
87%
天津 39 1093
86%
广州 23 1488
85%
海口 20 209
85%
乌鲁木齐 44 373
84%
上海 31 1987
84%
深圳 23 1744
84%
三亚 18 70
84%
长春 44 343
83%
沈阳 42 707
83%
大连 39 521
83%
成都 31 1334
83%
武汉 31 995
83%
重庆 30 1634
83%
齐齐哈尔 47 121
82%
西安 34 928
82%
南京 32 791
82%
苏州 31 399
81%
三沙 17 0.2
81%
呼和浩特 41 223
80%
济南 37 588
80%
青岛 36 601
80%
兰州 36 289
80%
郑州 35 534
80%
长沙 28 555
80%
厦门 24 436
80%
福州 26 354
79%
昆明 25 534
79%
石家庄 38 442
78%
合肥 32 378
78%
杭州 30 874
78%
南昌 29 335
78%
南宁 23 457
78%
大庆 47 128
77%
吉林 44 130
77%
太原 38 405
75%
徐州 34 206
75%
贵阳 27 383
75%
佳木斯 47 67
74%
洛阳 35 199
74%
无锡 32 357
74%
包头 41 190
73%
湛江 21 123
72%
唐山 40 214
71%
宁波 30 361
71%
常州 32 309
70%
泉州 25 135
70%
东莞 23 956
70%
佛山 23 854
70%
呼伦贝尔 49 43
69%
牡丹江 45 73
69%
银川 38 152
69%
西宁 37 162
68%
温州 28 238
67%
烟台 38 201
66%
双鸭山 47 36
65%
赣州 26 164
65%
桂林 25 125
65%
大同 40 175
64%
鹤岗 47 50
63%
开封 35 110
63%
儋州 20 28
63%
七台河 46 41
62%
北海 21 64
62%
鸡西 45 63
61%
赤峰 42 101
61%
柳州 24 206
61%
珠海 22 190
61%
保定 39 190
60%
东方 19 19
60%
秦皇岛 40 125
59%
鞍山 41 146
58%
南通 32 158
58%
邯郸 37 194
57%
潍坊 37 186
56%
南阳 33 85
56%
文昌 20 16
56%
伊春 48 30
55%
阿勒泰 48 8
55%
茂名 22 90
55%
五指山 19 5
55%
张家口 41 109
54%
四平 43 48
53%
淄博 37 240
53%
临沂 35 247
53%
锦州 41 101
52%
满洲里 50 15
51%
绍兴 30 217
51%
台州 29 134
51%
丹东 40 68
50%
岳阳 29 107
50%
株洲 28 132
50%
抚顺 42 121
49%
盐城 33 135
49%
克拉玛依 46 45
48%
咸阳 34 135
48%
遵义 28 147
48%
万宁 19 11
48%
钦州 22 52
47%
淮安 34 130
46%
琼海 19 18
46%
延吉 43 61
44%
松原 45 47
43%
衡阳 27 103
43%
济宁 35 130
42%
莆田 25 138
41%
潮州 24 93
40%
阳江 22 74
40%
哈密 43 34
39%
根河 51 4
37%
辽源 43 41
37%
朝阳 42 58
37%
郴州 26 77
37%
加格达奇 50 13
34%
衡水 38 84
34%
阜阳 33 86
34%
揭阳 24 95
34%
宜宾 29 108
33%
伊宁 44 63
32%
石河子 44 46
32%
淮南 33 109
32%
上饶 28 120
32%
曲靖 26 97
32%
泰安 36 116
31%
永州 26 58
30%
阜新 42 70
28%
十堰 33 108
28%
攀枝花 27 67
28%
聊城 36 109
27%
长治 36 102
27%
六盘水 27 71
27%
清远 24 89
27%
五大连池 49 5
25%
义乌 29 118
25%
平顶山 34 99
23%
邵阳 27 63
23%
牙克石 49 14
22%
乌兰浩特 46 30
22%
雷州 21 25
21%
额尔古纳 50 4
20%
朔州 39 42
20%
昆山 31 141
20%
嫩江 49 16
18%
扎兰屯 48 14
17%
北安 48 13
16%
讷河 48 13
14%
慈溪 30 106
12%
晋江 25 101
12%
肇东 46 26
8%
梅河口 43 25
7%
榆树 45 20
6%
吴川 21 26
6%
德惠 45 19
5%
定州 39 41
2%
台山 22 36
2%
No matching quizzes found
Score Distribution
Percent of People with Each Score
Percentile by Number Answered
Your Score History
You have not taken this quiz